LEADER 05380nam 2200697Ia 450 001 9910141046103321 005 20170809173254.0 010 $a1-283-02644-9 010 $a9786613026446 010 $a1-118-25572-0 010 $a1-118-01497-9 035 $a(CKB)2670000000066975 035 $a(EBL)644898 035 $a(OCoLC)700704072 035 $a(SSID)ssj0000466240 035 $a(PQKBManifestationID)11269573 035 $a(PQKBTitleCode)TC0000466240 035 $a(PQKBWorkID)10458180 035 $a(PQKB)11666612 035 $a(MiAaPQ)EBC644898 035 $a(CaSebORM)9780470612910 035 $a(EXLCZ)992670000000066975 100 $a20110205d2011 uy 0 101 0 $aeng 135 $aur|n|---||||| 181 $ctxt 182 $cc 183 $acr 200 10$aAdobe Acrobat X PDF Bible$b[electronic resource] /$fTed Padova 205 $a1st edition 210 $aIndianapolis, IN $cJohn Wiley & Sons, Inc.$d2011 215 $a1 online resource (939 p.) 225 1 $aBible ;$vv.756 225 0$aBible 300 $aDescription based upon print version of record. 311 $a0-470-61291-6 327 $aAdobe Acrobat X PDF Bible; About the Author; Credits; About This Book; Staying Connected; Contacting Me; What Is Adobe Acrobat?; New Features in Adobe Acrobat Professional; Part I: Introducing Adobe Acrobat; Chapter 1: Getting to Know Adobe Acrobat; Getting to Know the Viewing Modes; Discovering Adobe Acrobat; Understanding PDF; Understanding PDF Standards; Working in the Acrobat Environment; Using Panels; Understanding Preferences; Summary; Chapter 2: Using Acrobat Viewers; Exploring Viewer Distinctions; Using Plug-ins; Summary; Chapter 3: Using Help and Resources; Accessing Help 327 $aUsing ResourcesSummary; Chapter 4: Getting Familiar with Adobe Reader; Exploring Adobe Reader Tools and Menus; Trying Out PDF Creation at Acrobat.com; Creating PDF Files Using Acrobat.com; Introducing Protected Mode; Adding More Functionality to Adobe Reader; Summary; Chapter 5: Viewing and Navigating PDF Files; Using Read Mode; Customizing the Quick Tools Toolbar; Navigating PDF Documents; Zooming In and Out; Setting Initial View Attributes; Viewing Files with the Window Menu; Viewing Links; Opening PDF Files; Summary; Chapter 6: Searching PDF Files; Using the Find Toolbar 327 $aUsing the Search WindowUnderstanding Document Descriptions; Comparing Full-Text and Index Searches; Using Search Index Procedures; Creating Search Indexes (Acrobat Pro Only); Using Index Files; Working with Embedded Index Files; Summary; Part II: Converting Documents to PDF; Chapter 7: Converting Files to PDF; Understanding How PDFs Are Created; Converting Native Documents to PDF; Creating PDFs from Files; Scanning to PDF; Converting Web Pages to PDF; Summary; Chapter 8: Using Acrobat PDFMaker with Microsoft Programs; Using Acrobat with Microsoft Word; Converting Microsoft Excel Files to PDF 327 $aConverting Microsoft PowerPointFiles to PDFChanging Microsoft Publisher Files to PDF; Converting Web Pages from Internet Explorer to PDF (Windows Only); Converting Microsoft Outlook Emails to PDF (Windows Only); Summary; Chapter 9: Exporting to PDF from Authoring Applications; Working with Acrobat and the Adobe Creative Suite; Using Acrobat with Non-Adobe Programs; Summary; Chapter 10: Exporting PDF Content; Saving PDF Files; Exporting to PDF; Exporting Data to Different Formats; Summary; Part III: Editing PDFs; Chapter 11: Combining, Packaging, and Attaching PDFs 327 $aMerging Files into a Single PDF DocumentWorking with PDF Portfolios; Navigating PDF Portfolios; Working with File Attachments; Using the Attachments Panel; Summary; Chapter 12: Editing Text; Using the Edit Document Text Tool; Setting Text Editing Preferences; Using the Select Tool; Looking Up Definitions; Summary; Chapter 13: Redacting PDFs; Understanding Redaction; Getting a Grip on the Redaction Tools; Redacting PDF Files; Sanitizing a Document; Summary; Chapter 14: Editing Images and Objects; Selecting Images; Editing Images and Objects Outside of Acrobat; Exporting Images; Summary 327 $aChapter 15: Editing Pages 330 $aThe classic Acrobat and PDF reference, updated to cover the latest release Consistently the most authoritative and comprehensive resource on the Acrobat PDF format, this standard reference returns with in-depth coverage of the newest version of Acrobat. Written by bestselling author Ted Padova, this book is packed with real-world insights and techniques gained from Padova's daily use of Acrobat under deadline constraints. You'll discover everything there is to know about using Acrobat X for print prepress, the Internet, CD-ROMs, and other forms of media.Popular author Ted Pado 410 0$aBible 606 $aFile conversion (Computer science) 606 $aPortable document software 606 $aComputer science 608 $aElectronic books. 615 0$aFile conversion (Computer science) 615 0$aPortable document software. 615 0$aComputer science. 676 $a005.72 676 $a005.726 700 $aPadova$b Ted$0878478 801 0$bMiAaPQ 801 1$bMiAaPQ 801 2$bMiAaPQ 906 $aBOOK 912 $a9910141046103321 996 $aAdobe Acrobat X PDF Bible$92064473 997 $aUNINA LEADER 02215oam 2200601 450 001 9910703523103321 005 20150721161203.0 035 $a(CKB)5470000002432473 035 $a(OCoLC)903910549 035 $a(EXLCZ)995470000002432473 100 $a20150223d2015 ua 0 101 0 $aeng 135 $aurcn||||a|||| 181 $ctxt$2rdacontent 182 $cc$2rdamedia 183 $acr$2rdacarrier 200 10$aCalifornia water crisis and its impacts $ethe need for immediate and long-term solutions : oversight field hearing before the Committee on Natural Resources, U.S. House of Natural Resources, One Hundred Thirteenth Congress, second session, Wednesday, March 19, 2014, in Fresno, California 210 1$aWashington :$cU.S. Government Publishing Office,$d2015. 215 $a1 online resource (iii, 83 pages) $ccolor illustrations 300 $aTitle from title screen (viewed on Feb. 23, 2015). 300 $aPaper version available for sale by the Superintendent of Documents, U.S. Government Printing Office. 300 $a"Serial No. 113-63." 320 $aIncludes bibliographical references. 517 $aCalifornia water crisis and its impacts 606 $aDrought management$zCalifornia 606 $aWater-supply$xGovernment policy$zCalifornia 606 $aIrrigation water$xGovernment policy$zCalifornia 606 $aDrought management$2fast 606 $aIrrigation water$xGovernment policy$2fast 606 $aWater-supply$xGovernment policy$2fast 607 $aCalifornia$2fast 608 $aLegislative hearings.$2lcgft 615 0$aDrought management 615 0$aWater-supply$xGovernment policy 615 0$aIrrigation water$xGovernment policy 615 7$aDrought management. 615 7$aIrrigation water$xGovernment policy. 615 7$aWater-supply$xGovernment policy. 801 0$bGPO 801 1$bGPO 801 2$bSTF 801 2$bOCLCO 801 2$bGPO 801 2$bUBY 801 2$bOCLCO 801 2$bCOO 801 2$bOCLCO 801 2$bOCLCF 801 2$bGPO 906 $aBOOK 912 $a9910703523103321 996 $aCalifornia water crisis and its impacts$93448285 997 $aUNINA LEADER 02689nam 2200469 450 001 9910787268103321 005 20231110224048.0 010 $a2-8062-2997-9 035 $a(CKB)3710000000307003 035 $a(EBL)1870092 035 $a(MiAaPQ)EBC1870092 035 $a(Au-PeEL)EBL1870092 035 $a(OCoLC)897071088 035 $a(PPN)188690646 035 $a(EXLCZ)993710000000307003 100 $a20220519d2017 uy 0 101 0 $afre 135 $aur|n|---||||| 181 $ctxt$2rdacontent 182 $cc$2rdamedia 183 $acr$2rdacarrier 200 10$aBajazet de Jean Racine (Analyse de L'oeuvre) $eAnalyse Complete et Resume detaille de L'oeuvre /$fMaria Puerto Gomez, Ariane Cesar 210 1$aCork, Ireland :$cLemaitre Publishing,$d[2017] 210 4$dİ2017 215 $a1 online resource (36 p.) 225 1 $aFiche de Lecture 300 $aDescription based upon print version of record. 311 $a2-8062-2999-5 327 $a1. Re?sume?; Acte I; Sce?ne 1; Sce?ne 2; Sce?ne 3; Sce?ne 4; Acte II; Sce?ne 1; Sce?ne 2; Sce?ne 3; Sce?ne 4; Sce?ne 5; Acte III; Sce?ne 1; Sce?ne 2; Sce?ne 3; Sce?ne 4; Sce?ne 5; Sce?ne 6; Sce?ne 7; Sce?ne 8; Acte IV; Sce?ne 1; Sce?ne 2; Sce?ne 3; Sce?ne 4; Sce?ne 5; Sce?ne 6; Acte V; Sce?ne 1; Sce?ne 2; Sce?ne 3; Sce?ne 4; Sce?ne 5; Sce?ne 7; Sce?ne 8; Sce?ne 9; Sce?ne 10; Sce?ne 11; Sce?ne 12; 2. E?tude des personnages; Acomat; Bajazet; Roxane; Atalide; 3. Cle?s de lecture; Le the?me de l'Orient; Le genre de la trage?die; Conflits intimes : amour et pouvoir; 4. Pistes de re?flexion; 5. Informations comple?mentaires 330 $a Tout ce qu'il faut savoir sur Bajazet de Racine ! Retrouvez l'essentiel de l'?uvre dans une fiche de lecture comple?te et de?taille?e, avec un re?sume?, une e?tude des personnages, des cle?s de lecture et des pistes de re?flexion. Re?dige?e de manie?re claire et accessible, la fiche de lecture propose d'abord un re?sume? sce?ne par sce?ne de la pie?ce, puis s'inte?resse aux personnages d'Acomat, de Bajazet, de Roxane et d'Atalide. On aborde ensuite les e?le?ments caracte?ristiques du the?me de l'Orient dans l'?uvre, ainsi que le genre de la trage?die, avant de commenter les dilemmes qui de?chirent les diffe?rents p 410 0$aFiche de Lecture 607 $aTurkey$xHistory 676 $a909.04943 700 $aGomez$b Maria Puerto$01532705 702 $aCesar$b Ariane 801 0$bMiAaPQ 801 1$bMiAaPQ 801 2$bMiAaPQ 906 $aBOOK 912 $a9910787268103321 996 $aBajazet de Jean Racine (Analyse de L'oeuvre)$93779115 997 $aUNINA